000 00623nam a2200229Ia 4500
003 OSt
005 20220923230418.0
006 a|||||r|||| 00| 0
007 ta
008 Pun
024 _a281,635
037 _cTextual
040 _aARTS
_cARTS
_bPun
041 _2Pun
_aPun
082 _aO153,3N081x, L0
100 _aਸਤਿਆਰਥੀ, ਦੇਵਿੰਦਰ
245 0 _aਪੈਰਿਸ ਦਾ ਆਦਮੀ
260 _c1970
650 _aਪੰਜਾਬੀ ਸਾਹਿਤ
942 _hO153,3N081x, L0
_cTEXL
_2CC
999 _c384671
_d384671